Las hormonas

Saved in:
Bibliografiske detaljer
Hovedforfatter: Rey, Pierre (Author)
Format: Bog
Sprog:spansk
Udgivet: Ciudad de México Diana S. A 1967
Serier:Colección Moderna, 88
Fag:
Tags: Tilføj Tag
Ingen Tags, Vær først til at tagge denne postø!

MARC

LEADER 00000cam a2200000 a 4500
001 UCF6944
003 CL-VaPUC
008 130530e19670000MX |||||||||||||||||spa|d
082 0 4 |a 612.405  |b REY  |2 21 
100 0 |a Rey, Pierre  |e author  |9 568916 
245 1 4 |a Las hormonas 
300 |a 141 p 
942 |c BK 
945 |d 20130530 00:00:00  |a dcastane 
260 |a Ciudad de México  |b Diana S. A  |c 1967 
650 7 |a HORMONAS  |2 CL-VaPUC  |9 269554 
650 7 |a HORMONAS TIROIDEAS  |2 CL-VaPUC  |9 371370 
650 7 |a HORMONAS SEXUALES  |2 CL-VaPUC  |9 371372 
650 0 |a Fisiología humana   |9 269557 
583 |a last modification  |c 20130530 09:49:00  |k Rodrigo Vera 
490 0 |a Colección Moderna, 88 
999 |c 351928  |d 351926